| 000 | 00443nam a2200133Ia 4500 | ||
|---|---|---|---|
| 008 | 170221s9999 xx 000 0 und d | ||
| 100 | _aMeals, David R. | ||
| 245 | _aCEO & Employee Pay Discrepancy: How the Government's Policies Have Encouraged the Gap | ||
| 245 | _cDavid R. Meals | ||
| 260 | _c2012 | ||
| 300 | _a32 : 8 | ||
| 650 | _xBusiness | ||
| 856 | _uhttp://digitalcommons.pepperdine.edu/cgi/viewcontent.cgi?article=1095&context=jbel | ||
| 999 |
_c311282 _d311282 |
||